El Pueblo Guaymí y su futuro /

Guardat en:
Dades bibliogràfiques
Autor corporatiu: Centro de Estudios y Acción Social Panameño, CEASPA Comité Patrocinador del Foro sobre el pueblo guaymí y su futuro
Format: Text
Publicat: Panamá: Centro de Estudios y Acción Social-Panameño. CEASPA. Comité Patrocinador del Foro sobre el pueblo guaymí y su futuro
Etiquetes: Afegir etiqueta
Sense etiquetes, Sigues el primer a etiquetar aquest registre!

MARC

LEADER 00000 a a2200000 04500
001 20894
003
040
090 |a 1001 P977p  
110 |a Centro de Estudios y Acción Social Panameño  
245 |a El Pueblo Guaymí y su futuro /  |c Centro de Estudios y Acción Social Panameño  
260 |a Panamá:   |b Centro de Estudios y Acción Social-Panameño. CEASPA. Comité Patrocinador del Foro sobre el pueblo guaymí y su futuro  
300 |a 403 p  
710 |a CEASPA   |a Comité Patrocinador del Foro sobre el pueblo guaymí y su futuro  
999 |c 16993  |d 16993